00646nam a2200217 a 45000010008000000030006000080050017000140080041000310100017000720200015000890400018001040500021001220820020001431000029001632450046001922600048002383000021002865040041003076000038003486000042003862773553GBCCL20241126110525.0850328s1981 tnu b 000 0 eng  a 80068467  a0805451811 aDLCcDLCdDLC10aBT202b.C35 198100a232.95219bCAR1 aCarter, James E.,d1935-10aChrist and the crowds /cJames E. Carter. aNashville, Tenn. :bBroadman Press,cc1981. a127 p. ;c20 cm. aIncludes bibliographical references.00aJesus ChristxPerson and offices.00aJesus ChristxFriends and associates.